000 01031nam a22003137a 4500
003 CHAP
005 20220329143144.0
008 060831d2001 cl r 00110 spa d
010 _a92615
011 _a93587
020 _a05345391
035 _a104167
040 _cCHAP
082 0 4 _a338.9097283
_bB3
100 1 _aBaeriswyl R., Fernando.
_99387
245 1 0 _aIntroducción al ordenamiento territorial rural en Chile
_c/por Fernando Baeriswyl R.
260 _aChile :
_bInstituto Interamericano de Cooperación para la Agricultura
_c2001.
300 _a85 p.
590 _aBATCH-UPD
_b10
_c20130110
_lUCH01
_h0546
590 _aBATCH-UPD
_b10
_c20130410
_lUCH01
_h0227
590 _aBATCH-UPD
_b10
_c20130914
_lUCH01
_h0520
590 _aCONVERSION
_b10
_c20130109
_lUCH01
_h1351
650 1 4 _aPlaneación regional
_xChile.
_988706
650 1 4 _aTierras
_xUtilización
_xChile.
_9113230
901 _aBK
905 _aLilia
942 _cLIBRO
949 _a338.9097283 B3
_bBC
_cLIBRO
_d33724000994091
_eLIBRO
_fc.
_h107506
_i104167
_si
999 _c92615
_d92615